| 000 | 00657cab a2200193 4500 | ||
|---|---|---|---|
| 001 | ABS40996 | ||
| 008 | 090401t1989 xxu||||| |||| 00| 0 eng d | ||
| 035 | _a(Sirsi) u27386 | ||
| 041 | _aeng | ||
| 100 | _aRock, S. | ||
| 245 | _aScotland`s sources of revival: The new towns hit middle age | ||
| 260 | _c1989 | ||
| 350 | _a0 | ||
| 490 |
_aProperty Director _vSummer 1989, 32-40(6) |
||
| 520 | _aTwo articles looking at regeneration efforts in Scotland , the first focusing on Glasgow and the second on the five new towns whose development corporations are being wound up. | ||
| 690 | _aPLANNING LAW AND PRACTICE | ||
| 942 | _n0 | ||
| 948 | _c04/03/1997 | ||
| 999 |
_c18429 _d18429 |
||